[Event "DEN-ch"]
[Site "Silkeborg"]
[Date "2009.04.06"]
[Round "3"]
[White "Hansen, Sune Berg"]
[Black "Carstensen, Jacob"]
[Result "1-0"]
[WhiteElo "2543"]
[BlackElo "2331"]
[PlyCount "67"]
[EventDate "2009.04.04"]
[EventType "swiss"]
[EventRounds "9"]
[EventCountry "DEN"]
[Source "ChessBase"]
[SourceDate "2009.05.05"]

1. d4 d5 2. c4 dxc4 3. Nf3 Nf6 4. e3 e6 5. Bxc4 c5 6. O-O a6 7. dxc5 Qxd1 8.
Rxd1 Bxc5 9. Nfd2 Nc6 10. Nb3 Be7 11. Nc3 b5 12. Be2 Bb7 13. f3 Nd7 14. a4 b4
15. Ne4 O-O-O 16. Nd6+ Bxd6 17. Rxd6 Kc7 18. Rd2 Nde5 19. Rc2 Nd3 20. Bd2 Kb8
21. e4 Nce5 22. Be3 Nc6 23. Bb6 Rd7 24. Rd1 Nde5 25. Rcd2 Rxd2 26. Rxd2 Rc8 27.
Nc5 Na5 28. b3 Rc6 29. Rd8+ Bc8 30. Nxa6+ Kb7 31. Bxa5 Rc1+ 32. Rd1 Rxd1+ 33.
Bxd1 Kxa6 34. Bxb4 1-0

[Event "DEN-ch"]
[Site "Silkeborg"]
[Date "2009.04.09"]
[Round "6"]
[White "Hansen, Sune Berg"]
[Black "Schandorff, Lars"]
[Result "1-0"]
[WhiteElo "2543"]
[BlackElo "2505"]
[PlyCount "67"]
[EventDate "2009.04.04"]
[EventType "swiss"]
[EventRounds "9"]
[EventCountry "DEN"]
[Source "ChessBase"]
[SourceDate "2009.05.05"]

1. e4 c6 2. d4 d5 3. Nc3 dxe4 4. Nxe4 Bf5 5. Ng3 Bg6 6. h4 h6 7. Nf3 Nd7 8. h5
Bh7 9. Bd3 Bxd3 10. Qxd3 e6 11. Bf4 Qa5+ 12. Bd2 Bb4 13. c3 Be7 14. c4 Qc7 15.
O-O-O Ngf6 16. Kb1 O-O 17. Qc2 a5 18. Rh4 a4 19. Ne2 b5 20. c5 Nd5 21. Rh3 a3
22. b3 Rfe8 23. g4 e5 24. Rg1 exd4 25. Nexd4 Bf6 26. g5 hxg5 27. Bxg5 Bxd4 28.
Nxd4 Kh8 29. Rhg3 Re5 30. Qd2 Rae8 31. Bh6 Rxh5 32. Bxg7+ Kh7 33. Qd3+ f5 34.
Rh3 1-0

[Event "DEN-ch"]
[Site "Silkeborg"]
[Date "2009.04.11"]
[Round "8"]
[White "Hansen, Sune Berg"]
[Black "Antonsen, Mikkel"]
[Result "1-0"]
[WhiteElo "2543"]
[BlackElo "2450"]
[PlyCount "73"]
[EventDate "2009.04.04"]
[EventType "swiss"]
[EventRounds "9"]
[EventCountry "DEN"]
[Source "ChessBase"]
[SourceDate "2009.05.05"]

1. c4 Nf6 2. Nc3 g6 3. g3 Bg7 4. Bg2 c5 5. e4 Nc6 6. Nge2 O-O 7. d3 Ne8 8. O-O
Nc7 9. a3 Ne6 10. b4 d6 11. Rb1 Ned4 12. Nxd4 Nxd4 13. Be3 Rb8 14. Ne2 Nxe2+
15. Qxe2 Qc7 16. f4 e6 17. h4 b6 18. h5 f5 19. hxg6 hxg6 20. exf5 gxf5 21. Kf2
Bd7 22. Rh1 Be8 23. Bf3 Rf6 24. Rh3 Bg6 25. Bc1 Re8 26. Bb2 Rff8 27. Bh5 Bxh5
28. Rxh5 e5 29. Rbh1 Qf7 30. Qf1 Bf6 31. Qh3 Qg7 32. Qxf5 exf4 33. Qd5+ Rf7 34.
Rh8+ Qxh8 35. Rxh8+ Bxh8 36. Bxh8 f3 37. Bf6 1-0

[Event "DEN-ch"]
[Site "Silkeborg"]
[Date "2009.04.08"]
[Round "5"]
[White "Hansen, Sune Berg"]
[Black "Andersen, Mads"]
[Result "1-0"]
[WhiteElo "2543"]
[BlackElo "2244"]
[PlyCount "57"]
[EventDate "2009.04.04"]
[EventType "swiss"]
[EventRounds "9"]
[EventCountry "DEN"]
[Source "ChessBase"]
[SourceDate "2009.05.05"]

1. Nf3 Nf6 2. c4 c5 3. Nc3 b6 4. d4 cxd4 5. Nxd4 Bb7 6. f3 e6 7. e4 d6 8. Be2
a6 9. Be3 Nbd7 10. O-O Be7 11. a4 O-O 12. a5 Qc7 13. Qd2 Rab8 14. axb6 Nxb6 15.
Rfc1 Rfc8 16. Nb3 Nfd7 17. Na5 Ba8 18. c5 dxc5 19. Bxa6 Rf8 20. Bf4 e5 21. Be3
Qd8 22. Rd1 Nf6 23. Qc2 Nbd7 24. Nc4 Qc7 25. Nb5 Qc6 26. Ncd6 Rbd8 27. Nf5 Rfe8
28. Nxe7+ Rxe7 29. Rd6 1-0

[Event "DEN-ch"]
[Site "Silkeborg"]
[Date "2009.04.05"]
[Round "2"]
[White "Jacobsen, Bo"]
[Black "Boje, Tobias Rosholm"]
[Result "1-0"]
[WhiteElo "2325"]
[BlackElo "2018"]
[PlyCount "89"]
[EventDate "2009.04.04"]
[EventType "swiss"]
[EventRounds "9"]
[EventCountry "DEN"]
[Source "ChessBase"]
[SourceDate "2009.05.05"]

1. Nf3 d5 2. g3 Nf6 3. Bg2 c6 4. b3 Bg4 5. Bb2 Nbd7 6. d3 e6 7. Nbd2 Be7 8. O-O
O-O 9. h3 Bh5 10. Rb1 Qc7 11. e3 Rfd8 12. Qe2 a5 13. a3 Ne8 14. e4 dxe4 15.
dxe4 Bf6 16. g4 Bxb2 17. Rxb2 Bg6 18. e5 Nb6 19. Nh4 Nd5 20. Nxg6 hxg6 21. Qe4
Qe7 22. a4 Rd7 23. c4 Nb4 24. Nf3 Rad8 25. h4 Nc7 26. h5 gxh5 27. gxh5 Nca6 28.
Qg4 Nc5 29. Ng5 Rd4 30. f4 Nbd3 31. Re2 Nd7 32. Be4 Nf8 33. Rg2 f5 34. exf6
Qxf6 35. f5 Ne5 36. Qg3 Rd1 37. Rgf2 Rxf1+ 38. Rxf1 Ned7 39. fxe6 Qd4+ 40. Kh2
Nf6 41. e7 Re8 42. exf8=Q+ Rxf8 43. Ne6 Qb2+ 44. Kg1 Rf7 45. Qb8+ 1-0

[Event "DEN-ch"]
[Site "Silkeborg"]
[Date "2009.04.07"]
[Round "4"]
[White "Jacobsen, Bo"]
[Black "Rendboe, John Filip"]
[Result "1-0"]
[WhiteElo "2325"]
[BlackElo "2199"]
[PlyCount "79"]
[EventDate "2009.04.04"]
[EventType "swiss"]
[EventRounds "9"]
[EventCountry "DEN"]
[Source "ChessBase"]
[SourceDate "2009.05.05"]

1. g3 c5 2. c4 Nc6 3. Bg2 g6 4. e3 Bg7 5. Ne2 e5 6. Nbc3 Nge7 7. d3 O-O 8. Rb1
d6 9. a3 a5 10. Nd5 Nxd5 11. cxd5 Ne7 12. Nc3 Bd7 13. a4 Qc8 14. O-O Bh3 15.
Bxh3 Qxh3 16. e4 h6 17. f3 f5 18. Rf2 g5 19. Bd2 Ng6 20. Qf1 Qxf1+ 21. Rbxf1
Ne7 22. Nb5 Rf6 23. Na3 f4 24. Nc4 Nc8 25. Bxa5 b6 26. Bxb6 Rxa4 27. Ba5 Ra2
28. b4 Rxf2 29. Kxf2 cxb4 30. Rb1 fxg3+ 31. Kxg3 Ne7 32. Bd8 Bf8 33. Rxb4 Rf4
34. Rb8 Ng6 35. Bc7 Nh4 36. Bxd6 Rxf3+ 37. Kg4 Rf4+ 38. Kh5 Nf3 39. Nxe5 Nxh2
40. Ng6 1-0

[Event "DEN-ch"]
[Site "Silkeborg"]
[Date "2009.04.11"]
[Round "8"]
[White "Jacobsen, Bo"]
[Black "Christensen, Bo Garner"]
[Result "0-1"]
[WhiteElo "2325"]
[BlackElo "2240"]
[PlyCount "62"]
[EventDate "2009.04.04"]
[EventType "swiss"]
[EventRounds "9"]
[EventCountry "DEN"]
[Source "ChessBase"]
[SourceDate "2009.05.05"]

1. Nf3 f5 2. d3 g6 3. e4 d6 4. exf5 Bxf5 5. d4 Bg7 6. c3 Nf6 7. Nbd2 O-O 8.
Qb3+ Kh8 9. Qxb7 Nbd7 10. Be2 e5 11. O-O e4 12. Ne1 Nb6 13. Qa6 Nfd5 14. Nc4 c5
15. Nc2 cxd4 16. Nxd4 Bxd4 17. cxd4 Nb4 18. Qb7 Kg8 19. Bd2 Rf7 20. Qxf7+ Kxf7
21. Bxb4 Nxc4 22. Bxc4+ Be6 23. d5 Bf5 24. Bd2 h5 25. Be3 Qf6 26. b3 g5 27.
Rac1 Kg6 28. Rc2 a5 29. Bb5 h4 30. h3 g4 31. hxg4 Bxg4 0-1

[Event "DEN-ch"]
[Site "Silkeborg"]
[Date "2009.04.09"]
[Round "6"]
[White "Jacobsen, Bo"]
[Black "Matthiesen, Arne"]
[Result "1-0"]
[WhiteElo "2325"]
[BlackElo "2349"]
[PlyCount "85"]
[EventDate "2009.04.04"]
[EventType "swiss"]
[EventRounds "9"]
[EventCountry "DEN"]
[Source "ChessBase"]
[SourceDate "2009.05.05"]

1. c4 e5 2. Nc3 Nf6 3. Nf3 Nc6 4. a3 g6 5. g3 Bg7 6. Bg2 O-O 7. O-O Re8 8. e4
d6 9. h3 Nd4 10. d3 Nxf3+ 11. Qxf3 c6 12. b4 Be6 13. Rb1 a6 14. a4 Qd7 15. Bg5
Nh5 16. Kh2 h6 17. Be3 b5 18. axb5 axb5 19. cxb5 cxb5 20. Qe2 Ra3 21. Qb2 Rb3
22. Qd2 Rxb1 23. Rxb1 Rc8 24. Ra1 Qc6 25. Nd5 Bxd5 26. exd5 Qc3 27. Ra8 Kh7 28.
Qxc3 Rxc3 29. Rd8 f5 30. Rxd6 f4 31. Bc5 Rxd3 32. gxf4 Nxf4 33. Rd7 Kg8 34. d6
Bf8 35. Bf1 Rc3 36. Ra7 Ne6 37. d7 Bxc5 38. bxc5 Kf8 39. Ra8+ Ke7 40. Re8+ Kxd7
41. Bxb5+ Kc7 42. Rxe6 Rxc5 43. Bd3 1-0

[Event "DEN-ch"]
[Site "Silkeborg"]
[Date "2009.04.11"]
[Round "8"]
[White "Jakobsen, Ole"]
[Black "Matthiesen, Martin"]
[Result "1-0"]
[WhiteElo "2352"]
[BlackElo "2291"]
[PlyCount "79"]
[EventDate "2009.04.04"]
[EventType "swiss"]
[EventRounds "9"]
[EventCountry "DEN"]
[Source "ChessBase"]
[SourceDate "2009.05.05"]

1. d4 Nf6 2. c4 g6 3. Nc3 Bg7 4. e4 d6 5. f3 O-O 6. Be3 c5 7. Nge2 Qa5 8. d5 a6
9. Bd2 e6 10. Ng3 exd5 11. cxd5 Nbd7 12. a4 Qc7 13. Be2 c4 14. Qc2 Rb8 15. Be3
Ne5 16. O-O b5 17. axb5 axb5 18. Ra7 Qd8 19. Na2 b4 20. Qd2 b3 21. Nc3 Re8 22.
Rfa1 Bd7 23. h3 h5 24. f4 Nd3 25. Bxd3 cxd3 26. Qxd3 h4 27. Nf1 Nxe4 28. Nxe4
Bb5 29. Qb1 Bxf1 30. Kxf1 f5 31. Ng5 Rxe3 32. Ne6 Rxe6 33. dxe6 Qf6 34. Ra8
Rxa8 35. Rxa8+ Kh7 36. Qe1 Qe7 37. Qe3 Qc7 38. e7 Qc4+ 39. Ke1 Qb4+ 40. Kd1 1-0

[Event "DEN-ch"]
[Site "Silkeborg"]
[Date "2009.04.09"]
[Round "6"]
[White "Jakobsen, Ole"]
[Black "Andersen, Mads"]
[Result "0-1"]
[WhiteElo "2352"]
[BlackElo "2244"]
[PlyCount "116"]
[EventDate "2009.04.04"]
[EventType "swiss"]
[EventRounds "9"]
[EventCountry "DEN"]
[Source "ChessBase"]
[SourceDate "2009.05.05"]

1. d4 Nf6 2. c4 g6 3. Nc3 d5 4. cxd5 Nxd5 5. e4 Nxc3 6. bxc3 Bg7 7. Be3 c5 8.
Qd2 Qa5 9. Rb1 b6 10. Bb5+ Bd7 11. Bd3 Nc6 12. Ne2 O-O 13. Rb2 Rfd8 14. O-O Be8
15. d5 Ne5 16. Bg5 Rd7 17. Bb5 Rb7 18. Bxe8 Rxe8 19. Qc2 Nc4 20. Rb3 Qa4 21.
Bc1 Rd7 22. f3 Na5 23. Rb2 Qc4 24. Rb1 e6 25. dxe6 Rxe6 26. Rd1 Red6 27. Bf4
Rd3 28. Rxd3 Qxd3 29. Qxd3 Rxd3 30. Rc1 Nc4 31. Rc2 Kf8 32. Kf2 Ke8 33. Ke1 Kd7
34. Kf2 Kc6 35. g4 a5 36. h4 a4 37. h5 Na3 38. Rc1 Kb5 39. hxg6 hxg6 40. Rh1
Bxc3 41. Nxc3+ Rxc3 42. Rh7 Nc2 43. Rxf7 Nd4 44. Be5 Rc2+ 45. Kg3 Rxa2 46. g5
Re2 47. Rd7 a3 48. Bxd4 cxd4 49. Rxd4 a2 50. Rd1 Kb4 51. Kf4 Kb3 52. Ke5 Rb2
53. Ra1 Rb1 54. Rxa2 Kxa2 55. f4 Re1 56. f5 gxf5 57. Kxf5 b5 58. g6 b4 0-1

[Event "DEN-ch"]
[Site "Silkeborg"]
[Date "2009.04.05"]
[Round "2"]
[White "Jakobsen, Ole"]
[Black "Christensen, Bo Garner"]
[Result "0-1"]
[WhiteElo "2352"]
[BlackElo "2240"]
[PlyCount "52"]
[EventDate "2009.04.04"]
[EventType "swiss"]
[EventRounds "9"]
[EventCountry "DEN"]
[Source "ChessBase"]
[SourceDate "2009.05.05"]

1. d4 Nf6 2. c4 e5 3. dxe5 Ng4 4. e3 Nxe5 5. Nh3 Nbc6 6. Nf4 Bc5 7. Nc3 O-O 8.
Be2 a5 9. O-O d6 10. Na4 Ba7 11. Bd2 Bf5 12. Rc1 Qh4 13. Qb3 Rfe8 14. g3 Qh6
15. f3 Nd4 16. exd4 Bxd4+ 17. Kh1 Ng4 18. h4 g5 19. Bd3 gxh4 20. Kg2 Ne3+ 21.
Bxe3 Rxe3 22. Bxf5 Rxb3 23. axb3 hxg3 24. Nh3 Qd2+ 25. Kxg3 Kh8 26. Rc2 Rg8+
0-1

[Event "DEN-ch"]
[Site "Silkeborg"]
[Date "2009.04.07"]
[Round "4"]
[White "Jakobsen, Ole"]
[Black "Wiecker, Stefan"]
[Result "1-0"]
[WhiteElo "2352"]
[BlackElo "2102"]
[PlyCount "73"]
[EventDate "2009.04.04"]
[EventType "swiss"]
[EventRounds "9"]
[EventCountry "DEN"]
[Source "ChessBase"]
[SourceDate "2009.05.05"]

1. d4 Nf6 2. c4 g6 3. Nc3 Bg7 4. e4 O-O 5. Be3 d6 6. f3 a6 7. Nge2 Nc6 8. Qd2
Rb8 9. Rc1 Bd7 10. Nd1 Re8 11. Nf2 h5 12. h4 b6 13. g3 Na7 14. b4 c5 15. Bg2
Qc7 16. d5 e6 17. bxc5 bxc5 18. O-O exd5 19. cxd5 Bb5 20. Rfe1 Nd7 21. Bh6 Bh8
22. Nc3 Ne5 23. a4 Bd7 24. f4 Ng4 25. Nxg4 Bxg4 26. e5 dxe5 27. d6 Qd7 28. Ne4
Qxa4 29. Nxc5 Qd4+ 30. Qxd4 exd4 31. f5 Bxf5 32. d7 Red8 33. Nxa6 Bxd7 34. Nxb8
Rxb8 35. Rc7 Be6 36. Rxa7 Bg7 37. Bxg7 1-0

[Event "DEN-ch"]
[Site "Silkeborg"]
[Date "2009.04.09"]
[Round "6"]
[White "Jorgensen, Brian Jorgen"]
[Black "Wiecker, Stefan"]
[Result "1-0"]
[WhiteElo "2274"]
[BlackElo "2102"]
[PlyCount "113"]
[EventDate "2009.04.04"]
[EventType "swiss"]
[EventRounds "9"]
[EventCountry "DEN"]
[Source "ChessBase"]
[SourceDate "2009.05.05"]

1. d4 Nf6 2. Nf3 g6 3. Nc3 c5 4. d5 d6 5. e4 Bg7 6. Bb5+ Bd7 7. a4 O-O 8. O-O
Bg4 9. Re1 Nfd7 10. h3 Bxf3 11. Qxf3 Na6 12. Bxa6 bxa6 13. a5 Rb8 14. Qd3 Qc8
15. Ra4 Rb4 16. Rxb4 cxb4 17. Na2 Qb7 18. Bd2 Nc5 19. Qc4 b3 20. cxb3 Qxb3 21.
Qxb3 Nxb3 22. Bg5 f6 23. Be3 Rc8 24. Nb4 Nxa5 25. Bxa7 Kf7 26. Bb6 Nb3 27. Nc6
Bh6 28. Rd1 Nd2 29. f3 Nc4 30. Bd4 e6 31. Kf2 exd5 32. exd5 Bf4 33. Ra1 a5 34.
Ra4 Ne5 35. Bxe5 Bxe5 36. b3 Bc3 37. Rc4 Bb4 38. Nxb4 Rxc4 39. bxc4 axb4 40.
Ke3 Ke7 41. Kd3 Kd7 42. Kc2 Kc7 43. Kb3 g5 44. g4 Kb7 45. Kxb4 Kb6 46. Kc3 Ka5
47. Kd3 Ka6 48. Ke4 Kb6 49. Kf5 Kc5 50. Ke6 h6 51. Kd7 Kd4 52. Kxd6 Ke3 53. Ke6
Kxf3 54. d6 Kg3 55. d7 Kxh3 56. Kf5 h5 57. gxh5 1-0

[Event "DEN-ch"]
[Site "Silkeborg"]
[Date "2009.04.05"]
[Round "2"]
[White "Jorgensen, Brian Jorgen"]
[Black "Matthiesen, Arne"]
[Result "0-1"]
[WhiteElo "2274"]
[BlackElo "2349"]
[PlyCount "100"]
[EventDate "2009.04.04"]
[EventType "swiss"]
[EventRounds "9"]
[EventCountry "DEN"]
[Source "ChessBase"]
[SourceDate "2009.05.05"]

1. d4 d6 2. e4 g6 3. Nc3 Bg7 4. f4 a6 5. Nf3 b5 6. a4 b4 7. Nb1 Bb7 8. Bd3 Nf6
9. e5 Nfd7 10. Qe2 c5 11. c3 bxc3 12. bxc3 cxd4 13. cxd4 Nc6 14. O-O O-O 15.
Kh1 dxe5 16. fxe5 Nxd4 17. Nxd4 Nxe5 18. Be4 Qxd4 19. Bxb7 Qxa1 20. Bxa8 Rxa8
21. Qe4 Rd8 22. Be3 Qb2 23. h3 Qe2 24. Rg1 f5 25. Qf4 Qc4 26. Qf2 Qxa4 27. Bb6
Rd1 28. Qe2 Rxg1+ 29. Bxg1 Qc4 30. Qb2 Nd3 31. Qb7 Kf7 32. Nd2 Qb5 33. Qa7 Nf4
34. Be3 Ne6 35. Nf3 a5 36. Bg5 Qc5 37. Qd7 h6 38. Bd2 Nd4 39. Nxd4 Qxd4 40.
Qxd4 Bxd4 41. Bxa5 e5 42. g3 Ke6 43. Kg2 Kd5 44. Kf3 g5 45. Bd2 e4+ 46. Ke2 Be5
47. h4 gxh4 48. gxh4 h5 49. Be1 f4 50. Bd2 Kc5 0-1

[Event "DEN-ch"]
[Site "Silkeborg"]
[Date "2009.04.11"]
[Round "8"]
[White "Jorgensen, Brian Jorgen"]
[Black "Teplyi, Igor"]
[Result "1/2-1/2"]
[WhiteElo "2274"]
[BlackElo "2287"]
[PlyCount "160"]
[EventDate "2009.04.04"]
[EventType "swiss"]
[EventRounds "9"]
[EventCountry "DEN"]
[Source "ChessBase"]
[SourceDate "2009.05.05"]

1. d4 Nf6 2. Nf3 g6 3. Bf4 Bg7 4. e3 O-O 5. Be2 c5 6. c3 Qb6 7. Qb3 d6 8. Nbd2
cxd4 9. exd4 Nc6 10. Qxb6 axb6 11. h3 Bd7 12. O-O Rfc8 13. Rfe1 Nd5 14. Bg3 Na5
15. a4 Kf8 16. Bd3 h6 17. Ra3 Nc6 18. Bb5 Be8 19. Bc4 Nf6 20. d5 Nb8 21. Rea1
Na6 22. Nd4 Nc7 23. Nb5 Ncxd5 24. Be2 Bc6 25. Nc4 Kg8 26. Bf3 Bf8 27. Rd1 g5
28. Bxd5 Nxd5 29. Rxd5 Bxd5 30. Nxb6 Be4 31. f3 Bf5 32. Nd4 Bg6 33. Nxc8 Rxc8
34. Rb3 e5 35. Ne2 Bd3 36. Kf2 Ba6 37. Ke1 Rc4 38. Rb4 Rxb4 39. cxb4 Bc4 40.
Nc1 f5 41. b5 Kf7 42. b3 Bd5 43. a5 Ke8 44. Bf2 Kd7 45. Kd2 Bg7 46. h4 Bf6 47.
hxg5 Bxg5+ 48. Be3 f4 49. Bf2 e4 50. Ke2 exf3+ 51. gxf3 h5 52. a6 bxa6 53. bxa6
Kc8 54. a7 Kb7 55. b4 Bc4+ 56. Nd3 h4 57. Bg1 h3 58. Bh2 Kxa7 59. Kd2 Bxd3 60.
Kxd3 Bf6 61. Kc4 Be5 62. b5 Kb6 63. Bg1+ Ka5 64. Bh2 Kb6 65. Bg1+ Kc7 66. Bh2
Kd7 67. Kd5 Kc7 68. Kc4 Kb7 69. Kd5 Kb6 70. Kc4 Ka5 71. Bg1 Bg7 72. Bh2 Kb6 73.
Bg1+ Kc7 74. Bh2 Bb2 75. Kd5 Kd7 76. b6 Be5 77. Bg1 Bf6 78. Bh2 Bc3 79. Kc4 Bd2
80. Kd5 Be3 1/2-1/2

[Event "DEN-ch"]
[Site "Silkeborg"]
[Date "2009.04.07"]
[Round "4"]
[White "Jorgensen, Brian Jorgen"]
[Black "Rewitz, Poul"]
[Result "1-0"]
[WhiteElo "2274"]
[BlackElo "2263"]
[PlyCount "81"]
[EventDate "2009.04.04"]
[EventType "swiss"]
[EventRounds "9"]
[EventCountry "DEN"]
[Source "ChessBase"]
[SourceDate "2009.05.05"]

1. d4 Nf6 2. Nf3 c6 3. Bf4 Qb6 4. Qc1 d5 5. e3 Bf5 6. Nbd2 e6 7. Nh4 Be4 8. f3
Bg6 9. c3 c5 10. Nb3 Nbd7 11. Be2 Bd6 12. O-O O-O 13. Nxg6 hxg6 14. Bxd6 Qxd6
15. f4 Rfc8 16. Nd2 Ne4 17. Nf3 Rab8 18. Bd3 c4 19. Bxe4 dxe4 20. Ne5 Nf8 21.
Qc2 f6 22. Qxe4 fxe5 23. fxe5 Qe7 24. Rf3 b5 25. a3 a5 26. Raf1 b4 27. axb4
axb4 28. d5 bxc3 29. bxc3 Rc5 30. d6 Qa7 31. Rh3 g5 32. Rxf8+ Rxf8 33. Qh7+ Kf7
34. Rf3+ Ke8 35. Qg6+ Rf7 36. Qxe6+ Kf8 37. d7 Qa1+ 38. Kf2 Qb2+ 39. Kg3 Rxf3+
40. gxf3 Qb8 41. Qd6+ 1-0

[Event "DEN-ch"]
[Site "Silkeborg"]
[Date "2009.04.09"]
[Round "6"]
[White "Kristensen, Kaare Hove"]
[Black "Christensen, Bo Garner"]
[Result "0-1"]
[WhiteElo "2244"]
[BlackElo "2240"]
[PlyCount "80"]
[EventDate "2009.04.04"]
[EventType "swiss"]
[EventRounds "9"]
[EventCountry "DEN"]
[Source "ChessBase"]
[SourceDate "2009.05.05"]

1. e4 c5 2. Nf3 Nc6 3. d4 cxd4 4. Nxd4 Nf6 5. Nc3 e5 6. Nde2 Bc5 7. Ng3 Qb6 8.
Qd2 O-O 9. Na4 Qb4 10. Nxc5 Qxc5 11. c3 d5 12. b4 Qe7 13. exd5 Rd8 14. Bc4 b5
15. Bxb5 Rxd5 16. Qe2 Nd4 17. cxd4 Qxb4+ 18. Bd2 Qxb5 19. Qxb5 Rxb5 20. a4 Rd5
21. dxe5 Rxe5+ 22. Kf1 Ba6+ 23. Kg1 Rc8 24. Be3 Ng4 25. Bxa7 Rce8 26. Be3 f5
27. h3 Nxe3 28. fxe3 g6 29. Nf1 Rc5 30. g3 Bxf1 31. Kxf1 Rxe3 32. Kf2 Rcc3 33.
a5 Rf3+ 34. Ke2 Rxg3 35. a6 Ra3 36. Kf2 Rxh3 37. Rhb1 Rh2+ 38. Kg1 Rha2 39.
Rb8+ Kg7 40. Rb7+ Kh6 0-1

[Event "DEN-ch"]
[Site "Silkeborg"]
[Date "2009.04.06"]
[Round "3"]
[White "Kristensen, Kaare Hove"]
[Black "Petersen, Martin Reib"]
[Result "1/2-1/2"]
[WhiteElo "2244"]
[BlackElo "1974"]
[PlyCount "56"]
[EventDate "2009.04.04"]
[EventType "swiss"]
[EventRounds "9"]
[EventCountry "DEN"]
[Source "ChessBase"]
[SourceDate "2009.05.05"]

1. e4 c6 2. d4 d5 3. exd5 cxd5 4. c4 Nf6 5. Nc3 g6 6. cxd5 Nxd5 7. Qb3 Nxc3 8.
Bc4 e6 9. bxc3 Bg7 10. Ba3 a6 11. Nf3 b5 12. Be2 Nc6 13. O-O Ne7 14. Ne5 Bb7
15. Bxb5+ axb5 16. Qxb5+ Nc6 17. Qxb7 Nxe5 18. dxe5 Rxa3 19. Rfd1 Qa8 20. Qd7+
Kf8 21. Qd6+ Kg8 22. Qe7 Bxe5 23. Rd8+ Kg7 24. Rxa8 Rhxa8 25. g3 Bxc3 26. Rd1
Bf6 27. Qc5 R8a5 28. Qc4 R5a4 1/2-1/2

[Event "DEN-ch"]
[Site "Silkeborg"]
[Date "2009.04.04"]
[Round "1"]
[White "Kristensen, Kaare Hove"]
[Black "Schandorff, Lars"]
[Result "0-1"]
[WhiteElo "2244"]
[BlackElo "2505"]
[PlyCount "86"]
[EventDate "2009.04.04"]
[EventType "swiss"]
[EventRounds "9"]
[EventCountry "DEN"]
[Source "ChessBase"]
[SourceDate "2009.05.05"]

1. d4 d5 2. Nc3 c6 3. Qd3 g6 4. Bf4 Bg7 5. O-O-O Qa5 6. a3 Nf6 7. f3 b5 8. e4
b4 9. axb4 Qxb4 10. exd5 Ba6 11. Qe3 Bxf1 12. Rxf1 cxd5 13. Nge2 O-O 14. g4 Rd8
15. Qd3 a6 16. Bd2 Qb7 17. h4 Nc6 18. Nd1 e5 19. Bc3 Nd7 20. b3 Rac8 21. Kb1
exd4 22. Nxd4 Bxd4 23. Bxd4 Nb4 24. Qd2 Nxc2 25. Bb2 Qxb3 26. h5 Na3+ 27. Ka1
Nc4 28. Qh6 Nxb2 29. hxg6 Qa4+ 30. Kb1 Qc2+ 31. Ka1 Qa4+ 32. Kb1 Qc2+ 33. Ka1
Qxg6 34. Nxb2 Rc3 35. Ka2 Rb8 36. Rf2 Rbb3 37. Qxg6+ hxg6 38. Rd2 Nb6 39. Rdh2
Kf8 40. Re2 Re3 41. Rh8+ Ke7 42. Rc2 Ra3+ 43. Kb1 Re1+ 0-1

[Event "DEN-ch"]
[Site "Silkeborg"]
[Date "2009.04.11"]
[Round "8"]
[White "Kristensen, Kaare Hove"]
[Black "Pedersen, Martin Rosenkilde"]
[Result "1/2-1/2"]
[WhiteElo "2244"]
[BlackElo "2204"]
[PlyCount "52"]
[EventDate "2009.04.04"]
[EventType "swiss"]
[EventRounds "9"]
[EventCountry "DEN"]
[Source "ChessBase"]
[SourceDate "2009.05.05"]

1. e4 c5 2. Nf3 e6 3. d4 cxd4 4. Nxd4 Nc6 5. Nc3 Qc7 6. Be3 a6 7. f4 b5 8. Nxc6
Qxc6 9. Be2 Bb7 10. Bf3 Rc8 11. e5 Qc7 12. O-O Nh6 13. Ne4 Nf5 14. Bf2 h5 15.
Re1 Be7 16. Rc1 g6 17. c4 bxc4 18. b3 Bxe4 19. Rxe4 d5 20. exd6 Nxd6 21. Re2
O-O 22. bxc4 Nf5 23. Re4 Bc5 24. Qe2 Rfd8 25. g3 Qa5 26. Rc2 Qa3 1/2-1/2

[Event "DEN-ch"]
[Site "Silkeborg"]
[Date "2009.04.11"]
[Round "8"]
[White "Lund, Silas"]
[Black "Carstensen, Jacob"]
[Result "1-0"]
[WhiteElo "2430"]
[BlackElo "2331"]
[PlyCount "103"]
[EventDate "2009.04.04"]
[EventType "swiss"]
[EventRounds "9"]
[EventCountry "DEN"]
[Source "ChessBase"]
[SourceDate "2009.05.05"]

1. d4 Nf6 2. c4 g6 3. Nc3 d5 4. Bg5 Ne4 5. Bh4 Nxc3 6. bxc3 Bg7 7. e3 c5 8.
cxd5 cxd4 9. cxd4 Qxd5 10. Nf3 Nc6 11. Be2 O-O 12. O-O Bf5 13. Qb3 Be4 14. Rac1
e6 15. Qxd5 Bxd5 16. Bc4 Bxc4 17. Rxc4 Na5 18. Rc7 Rac8 19. Rfc1 Nc6 20. Rxb7
Nxd4 21. Rd1 Nc6 22. Kf1 Rb8 23. Rdd7 Rxb7 24. Rxb7 Rc8 25. Ke2 a5 26. a4 Nb4
27. Rb5 Bb2 28. Nd4 Bxd4 29. exd4 Kg7 30. Rc5 Rxc5 31. dxc5 Kf8 32. Bd8 Nc6 33.
Bf6 Ke8 34. Kd3 Kd7 35. Kc4 Na7 36. Bc3 Kc6 37. Bxa5 Nc8 38. Bd8 f5 39. f4 Kd7
40. Bf6 Kc6 41. Kd4 Kd7 42. Bg5 Kc6 43. Bh4 Kd7 44. Ke5 Na7 45. Kf6 Nc6 46. Kg7
e5 47. Kxh7 exf4 48. Kxg6 Ke6 49. Bf6 Nb4 50. h4 Nd5 51. Bg5 Ne3 52. g3 1-0

[Event "DEN-ch"]
[Site "Silkeborg"]
[Date "2009.04.09"]
[Round "6"]
[White "Lund, Silas"]
[Black "Andersen, Rune"]
[Result "1-0"]
[WhiteElo "2430"]
[BlackElo "2156"]
[PlyCount "55"]
[EventDate "2009.04.04"]
[EventType "swiss"]
[EventRounds "9"]
[EventCountry "DEN"]
[Source "ChessBase"]
[SourceDate "2009.05.05"]

1. d4 d5 2. c4 dxc4 3. Nf3 Nf6 4. e3 e6 5. Bxc4 c5 6. O-O a6 7. dxc5 Qc7 8. b4
b6 9. Bb2 Bb7 10. Be5 Qc6 11. Bxb8 Rxb8 12. Qe2 bxc5 13. b5 Qc7 14. bxa6 Bc6
15. Nc3 Bd6 16. Nb5 Bxb5 17. Bxb5+ Ke7 18. Rfd1 Rhd8 19. a4 Ra8 20. Rac1 Qb6
21. e4 Bc7 22. e5 Rxd1+ 23. Rxd1 Nd5 24. Qc4 Rd8 25. Qh4+ Kf8 26. Qxh7 Nc3 27.
Rxd8+ Bxd8 28. Qh8+ 1-0

[Event "DEN-ch"]
[Site "Silkeborg"]
[Date "2009.04.05"]
[Round "2"]
[White "Lund, Silas"]
[Black "Teplyi, Igor"]
[Result "1/2-1/2"]
[WhiteElo "2430"]
[BlackElo "2287"]
[PlyCount "36"]
[EventDate "2009.04.04"]
[EventType "swiss"]
[EventRounds "9"]
[EventCountry "DEN"]
[Source "ChessBase"]
[SourceDate "2009.05.05"]

1. d4 Nf6 2. c4 g6 3. Nc3 d5 4. Bf4 Bg7 5. e3 c5 6. dxc5 Qa5 7. Rc1 dxc4 8.
Bxc4 O-O 9. Nge2 Qxc5 10. Bb3 Nc6 11. O-O Qa5 12. Nd4 Bd7 13. Bg3 Nxd4 14. exd4
Bh6 15. Rc2 Rac8 16. Re2 e6 17. Re5 Qb6 18. Qe2 Bg7 1/2-1/2

[Event "DEN-ch"]
[Site "Silkeborg"]
[Date "2009.04.07"]
[Round "4"]
[White "Lund, Silas"]
[Black "Aabling Thomsen, Jakob"]
[Result "1-0"]
[WhiteElo "2430"]
[BlackElo "2309"]
[PlyCount "79"]
[EventDate "2009.04.04"]
[EventType "swiss"]
[EventRounds "9"]
[EventCountry "DEN"]
[Source "ChessBase"]
[SourceDate "2009.05.05"]

1. d4 Nf6 2. c4 e6 3. Nc3 Bb4 4. e3 b6 5. Bd3 Bb7 6. Nf3 O-O 7. O-O c5 8. Na4
cxd4 9. exd4 Re8 10. Bg5 Be7 11. Rc1 d6 12. Re1 Nbd7 13. Bb1 Rc8 14. b4 Rc7 15.
Qd3 Qa8 16. Nc3 Bxf3 17. gxf3 g6 18. Nb5 Rcc8 19. Bf4 e5 20. Bg3 a6 21. Nc3
exd4 22. Qxd4 Qxf3 23. Be4 Nxe4 24. Nxe4 Ne5 25. Rc3 Qf5 26. Kg2 h5 27. Nxd6
Bxd6 28. Qxd6 Ng4 29. Rf3 Qg5 30. h4 Qd8 31. Qxd8 Rcxd8 32. Rxe8+ Rxe8 33. Ra3
Ra8 34. b5 a5 35. c5 Ra7 36. c6 Ra8 37. Bc7 Nh6 38. Rd3 Kf8 39. Bxb6 Ke7 40. c7
1-0